书目信息 |
| 题名: |
公路工程机械设备管理
|
|
| 作者: | 周以德 主编 | |
| 分册: | ||
| 出版信息: | 北京 人民交通出版社 2007.07 |
|
| 页数: | 168页 | |
| 开本: | 26cm | |
| 丛书名: | ||
| 单 册: | ||
| 中图分类: | U415.5 | |
| 科图分类: | ||
| 主题词: | 道路工程--dao lu gong cheng--工程机械--设备管理 | |
| 电子资源: | ||
| ISBN: | 978-7-114-06640-5 | |
| 000 | 00993nam0 2200265 450 | |
| 001 | 012007500747 | |
| 005 | 20071106095647.75 | |
| 010 | @a978-7-114-06640-5@dCNY20.00 | |
| 100 | @a20070924d2007 km y0chiy0120 ea | |
| 101 | 0 | @achi |
| 102 | @aCN@b110000 | |
| 105 | @ay a 000yy | |
| 106 | @ar | |
| 200 | 1 | @a公路工程机械设备管理@Agong lu gong cheng ji xie she bei guan li@f周以德主编@Fzhou yi de zhu bian |
| 210 | @a北京@c人民交通出版社@d2007.07 | |
| 215 | @a168页@d26cm | |
| 300 | @a全国交通技师培训教材 交通职业教育教学指导委员会推荐教材 | |
| 320 | @a有书目 (第168页)。 | |
| 330 | @a本书主要介绍了公路工程机械设备管理、使用和维修等方面的基本知识。全书是全国交通类技师院校公路工程机械使用与维修专业教学用书。 | |
| 333 | @a全国交通高级技工学校 技师学院公路工程机械使用与维修专业教学用书 | |
| 606 | 0 | @a道路工程@Adao lu gong cheng@x工程机械@x设备管理 |
| 690 | @aU415.5@v4 | |
| 701 | 0 | @a周以德@Azhou yi de@4主编 |
| 801 | 0 | @aCN@b@c20071106 |
| 905 | @b264044-46@dU415.5@eZ810@f3 | |
| 公路工程机械设备管理/周以德主编.-北京:人民交通出版社,2007.07 |
| 168页;26cm |
| 全国交通技师培训教材 交通职业教育教学指导委员会推荐教材.-使用对象:全国交通高级技工学校 技师学院公路工程机械使用与维修专业教学用书 |
| ISBN 978-7-114-06640-5:CNY20.00 |
| 本书主要介绍了公路工程机械设备管理、使用和维修等方面的基本知识。全书是全国交通类技师院校公路工程机械使用与维修专业教学用书。 |
| ● |
| 相关链接 |
|
|
|
正题名:公路工程机械设备管理
索取号:U415.5/Z810
 
预约/预借
| 序号 | 登录号 | 条形码 | 馆藏地/架位号 | 状态 | 备注 |
| 1 | 264044 | 202640446 | 自科库501/501自科库 52排5列2层/ [索取号:U415.5/Z810] | 在馆 | |
| 2 | 264045 | 202640455 | 自科库501/501自科库 52排5列2层/ [索取号:U415.5/Z810] | 在馆 | |
| 3 | 264046 | 202640464 | 自科库501/501自科库 52排5列2层/ [索取号:U415.5/Z810] | 在馆 |